[Event "4th Stage Russian Cup"]
[Site "Samara RUS"]
[Date "2002.07.29"]
[Round "4"]
[White "Pavlov,De"]
[Black "Bocharov,D"]
[Result "0-1"]
[WhiteElo "2263"]
[BlackElo "2475"]
[EventDate "2002.07.26"]

1. c4 c5 2. Nc3 Nc6 3. g3 g6 4. Bg2 Bg7 5. e3 e5 6. Nge2 Nge7 7. O-O O-O 8.
d3 d6 9. a3 Rb8 10. Rb1 a6 11. b4 cxb4 12. axb4 b5 13. cxb5 axb5 14. Ne4 h6
15. Bd2 f5 16. Qb3+ Kh7 17. N4c3 Bd7 18. e4 g5 19. f4 gxf4 20. gxf4 Ng6 21.
exf5 Bxf5 22. Nd5 Nh4 23. Ne3 Nxg2 24. Kxg2 Bd7 25. f5 Nd4 26. Nxd4 Qg5+
27. Kh1 exd4 28. Rg1 Bc6+ 0-1

[Event "4th Stage Russian Cup"]
[Site "Samara RUS"]
[Date "2002.07.29"]
[Round "4"]
[White "Belozerov,A"]
[Black "Aleksandrov,V"]
[Result "1-0"]
[WhiteElo "2541"]
[BlackElo "2261"]
[EventDate "2002.07.26"]

1. d4 Nf6 2. c4 e6 3. Nc3 d5 4. cxd5 exd5 5. Bg5 Be7 6. e3 c6 7. Qc2 Ne4 8.
Bxe7 Qxe7 9. Nxd5 cxd5 10. Qxc8+ Qd8 11. Bb5+ Nc6 12. Bxc6+ bxc6 13. Qxc6+
Ke7 14. Ne2 Qa5+ 15. Nc3 Nxc3 16. Qxc3 Qxc3+ 17. bxc3 Rab8 18. O-O-O Rhc8
19. Kc2 Rb6 20. Rb1 Ra6 21. Rb7+ Ke6 22. Kb3 h5 23. a4 Rc4 24. Rb4 Rac6 25.
Rxc4 dxc4+ 26. Kc2 Ra6 27. Ra1 Kd5 28. f3 f5 29. a5 h4 30. Kd1 Rg6 31. Ra2
Kc6 32. Rb2 Rg5 33. a6 f4 34. e4 Ra5 35. Rb7 Ra1+ 36. Kc2 Ra2+ 37. Kb1 Rxg2
38. d5+ Kc5 39. Rxa7 Kb6 40. Rf7 Kxa6 41. e5 Rxh2 42. d6 Rd2 43. Rxg7 h3
44. Rh7 Rd4 45. d7 h2 46. e6 Kb6 47. Rxh2 Kc7 1-0

[Event "4th Stage Russian Cup"]
[Site "Samara RUS"]
[Date "2002.07.29"]
[Round "4"]
[White "Iljin,A"]
[Black "Shkliar,A"]
[Result "1-0"]
[WhiteElo "2450"]
[BlackElo "2249"]
[EventDate "2002.07.26"]

1. Nf3 Nf6 2. c4 e6 3. g3 d5 4. Bg2 Be7 5. O-O O-O 6. d4 dxc4 7. Qc2 a6 8.
a4 Bd7 9. Qxc4 Bc6 10. Bg5 Bd5 11. Qd3 Be4 12. Qe3 Nbd7 13. Nc3 Bc6 14. Qd3
b6 15. Rad1 Bb7 16. e4 h6 17. Bf4 Rc8 18. d5 Bb4 19. Qc4 Bxc3 20. dxe6 fxe6
21. Qxe6+ Kh8 22. bxc3 Qe8 23. Qh3 Bxe4 24. Rfe1 Nc5 25. Rd4 Qg6 26. Ne5
Qh7 27. Bxe4 Ncxe4 28. Rexe4 Nxe4 29. Qe6 Nf6 30. Nf7+ Rxf7 31. Qxc8+ Ng8
32. Qxa6 Qb1+ 33. Kg2 Qf5 34. Qd3 Qxd3 35. Rxd3 Kh7 36. Rd8 Nf6 37. Rc8 Nd5
38. Be5 Re7 39. f4 c5 40. Kf3 Ra7 41. c4 1-0

[Event "4th Stage Russian Cup"]
[Site "Samara RUS"]
[Date "2002.07.29"]
[Round "4"]
[White "Poletaev,Vi"]
[Black "Khismatullin,D"]
[Result "0-1"]
[WhiteElo "2247"]
[BlackElo "2428"]
[EventDate "2002.07.26"]

1. e4 c5 2. f4 d5 3. Bb5+ Bd7 4. Bxd7+ Qxd7 5. Nc3 dxe4 6. Nxe4 e6 7. Nf3
Nc6 8. O-O Nh6 9. d3 Nf5 10. g4 Nfd4 11. c3 Nxf3+ 12. Rxf3 O-O-O 13. a3 c4
14. d4 e5 15. Qf1 Qxg4+ 16. Rg3 Qf5 17. fxe5 Qxe4 18. Bg5 Rd7 19. Qxc4 f6
20. b4 fxg5 21. b5 Be7 22. bxc6 Qxc6 23. Qb3 Rf8 24. Rd1 Qe4 25. Qb2 h5 26.
Qg2 Qxg2+ 27. Kxg2 g4 28. d5 Rf5 29. Re3 Bc5 30. Re2 Rdf7 31. d6 Rf2+ 32.
Rxf2 Rxf2+ 33. Kh1 Re2 34. h3 g3 35. Rd4 Bxd4 36. cxd4 Kd7 37. h4 g5 38. d5
gxh4 0-1

[Event "4th Stage Russian Cup"]
[Site "Samara RUS"]
[Date "2002.07.29"]
[Round "4"]
[White "Zhumabaev,R"]
[Black "Kosintseva,N"]
[Result "1/2-1/2"]
[WhiteElo "2234"]
[BlackElo "2394"]
[EventDate "2002.07.26"]

1. e4 c5 2. Nf3 Nc6 3. d4 cxd4 4. Nxd4 Nf6 5. Nc3 e5 6. Ndb5 d6 7. Bg5 a6
8. Na3 b5 9. Nd5 Be7 10. Nxe7 Nxe7 11. Bxf6 gxf6 12. Bd3 d5 13. exd5 Qxd5
14. Qe2 Bb7 15. f3 Qc5 16. Qf2 Rc8 17. c3 f5 18. Qxc5 Rxc5 19. Nc2 Rg8 20.
Kf2 e4 21. Be2 f4 22. fxe4 Bxe4 23. Ne1 Nd5 24. Rd1 f5 25. Rd4 Ke7 26. Rg1
Nc7 27. Nf3 Ne6 28. Rd2 Rd5 29. Rgd1 Rxd2 30. Rxd2 Nc5 31. Rd4 Ne6 32. Rd2
Nc5 33. Rd4 Ne6 34. Rd2 Nc5 1/2-1/2

[Event "4th Stage Russian Cup"]
[Site "Samara RUS"]
[Date "2002.07.29"]
[Round "4"]
[White "Shkliar,S"]
[Black "Tihonov,J"]
[Result "0-1"]
[WhiteElo "2211"]
[BlackElo "2382"]
[EventDate "2002.07.26"]

1. d4 Nf6 2. c4 g6 3. Nc3 Bg7 4. e4 d6 5. Be2 O-O 6. Bg5 Na6 7. Nf3 Qe8 8.
O-O e5 9. dxe5 dxe5 10. Nd5 Nxe4 11. Be7 c6 12. Bxf8 Qxf8 13. Ne3 Nec5 14.
Nc2 Bf5 15. Ne3 Rd8 16. Qc1 Bd3 17. Bxd3 Nxd3 18. Qc2 e4 19. Nd2 Nac5 20.
Rad1 Nxb2 21. Rb1 Nbd3 22. Rfd1 f5 23. Nb3 Na4 24. Na5 Nc3 25. Rxb7 Nxd1
26. Nxd1 Qc5 27. Nb3 Qa3 28. Ne3 Qa6 29. Rc7 Be5 30. Re7 Bf6 31. Rc7 Qb6
0-1

[Event "4th Stage Russian Cup"]
[Site "Samara RUS"]
[Date "2002.07.29"]
[Round "4"]
[White "Khakimov,T"]
[Black "Gazizov,R"]
[Result "0-1"]
[WhiteElo "2132"]
[BlackElo "2358"]
[EventDate "2002.07.26"]

1. e4 c5 2. Nf3 Nc6 3. d4 cxd4 4. Nxd4 Qb6 5. Nb5 a6 6. Be3 Qd8 7. N5c3 e6
8. Be2 Nf6 9. O-O b5 10. Nd2 Bb7 11. f4 d6 12. Bf3 Qc7 13. Nb3 Be7 14. Qe2
O-O 15. Rad1 Rfe8 16. Qf2 Rac8 17. g4 b4 18. Na4 Nb8 19. e5 Bxf3 20. exd6
Bxd6 21. Qxf3 Nd5 22. Rd2 Nd7 23. Nd4 N7f6 24. Rdf2 Nxe3 25. Qxe3 Nxg4 26.
Qe4 Nxf2 27. Rxf2 g6 28. h4 Bf8 29. Rg2 e5 30. fxe5 Rxe5 31. Qf3 Rce8 32.
h5 Qd7 33. c3 Qxa4 0-1

[Event "4th Stage Russian Cup"]
[Site "Samara RUS"]
[Date "2002.07.29"]
[Round "4"]
[White "Razuvajeva,J"]
[Black "Min,V"]
[Result "1/2-1/2"]
[WhiteElo "2182"]
[BlackElo "2383"]
[EventDate "2002.07.26"]

1. d4 Nf6 2. c4 c5 3. d5 b5 4. cxb5 a6 5. b6 Qxb6 6. Nc3 g6 7. Nf3 Bg7 8.
e4 d6 9. Be2 O-O 10. a4 Nbd7 11. a5 Qc7 12. h3 Rb8 13. O-O Ne8 14. Nd2 Qa7
15. Nc4 Nc7 16. Bg5 Re8 17. Na4 Nb5 18. Nab6 Nxb6 19. axb6 Qb7 20. Bg4 Bxg4
21. Qxg4 e6 22. Rfd1 f5 23. exf5 exd5 24. Na5 Qf7 25. f6 Bf8 26. b7 Nd4 27.
Rxd4 cxd4 28. Qxd4 Rxb7 29. Nxb7 Qxb7 30. Ra5 Re4 31. Qxd5+ Qxd5 32. Rxd5
Re5 33. Rxe5 dxe5 34. Kf1 Kf7 35. Ke2 h6 36. Be3 Kxf6 37. Kd3 Ke6 38. Ke4
h5 39. Bb6 Bd6 1/2-1/2

[Event "4th Stage Russian Cup"]
[Site "Samara RUS"]
[Date "2002.07.29"]
[Round "4"]
[White "Driamin,D"]
[Black "Guseva,O"]
[Result "1-0"]
[WhiteElo "2323"]
[BlackElo "2227"]
[EventDate "2002.07.26"]

1. d4 Nf6 2. c4 e6 3. Nc3 Bb4 4. e3 c5 5. Nf3 O-O 6. Bd3 b6 7. O-O Bb7 8.
Bd2 d5 9. a3 Bxc3 10. Bxc3 cxd4 11. Nxd4 Nbd7 12. Rc1 Nc5 13. Bb4 Nxd3 14.
Qxd3 dxc4 15. Qxc4 Rc8 16. Qb5 Re8 17. Rfd1 Nd5 18. Be1 a6 19. Rxc8 Qxc8
20. Qe2 e5 21. Nc2 Qc6 22. f3 a5 23. Bg3 f6 24. e4 Nc7 25. Ne3 Ne6 26. Qc4
Rc8 27. Qa2 Kf8 28. h4 Nd4 29. Kh2 Rd8 30. Rf1 Ne2 31. Nd5 Qe6 32. Bf2 Nd4
33. f4 Bxd5 34. exd5 Rxd5 35. fxe5 Qxe5+ 36. Bg3 Qh5 37. Qc4 Rd8 38. Qc7
Re8 39. Qd6+ Kg8 40. Qxd4 b5 41. Rd1 g5 42. Kg1 Rf8 43. hxg5 fxg5 44. Qd5+
Kg7 45. Be5+ Kh6 46. Qd6+ 1-0

[Event "4th Stage Russian Cup"]
[Site "Samara RUS"]
[Date "2002.07.29"]
[Round "4"]
[White "Petrov,Il"]
[Black "Kazancev,V"]
[Result "0-1"]
[WhiteElo "2161"]
[BlackElo "2343"]
[EventDate "2002.07.26"]

1. e4 c5 2. Nf3 d6 3. d4 cxd4 4. Nxd4 Nf6 5. Nc3 a6 6. Be2 e6 7. O-O Be7 8.
Be3 Nc6 9. Nb3 b5 10. a3 O-O 11. f4 Bb7 12. Bf3 Qc7 13. Qe1 Rfc8 14. g4 b4
15. axb4 Nxb4 16. Qf2 d5 17. e5 Ne4 18. Bxe4 dxe4 19. Rfd1 Nd5 20. Nxd5
Bxd5 21. Nd4 f6 22. Qg3 fxe5 23. fxe5 Qb7 24. b3 Rc3 25. Qe1 Rac8 26. Ra2
Bb4 27. Qe2 Bc5 28. Rda1 Qf7 29. Rd1 Qg6 30. Rd2 h5 31. g5 h4 32. Qe1 h3
33. Qe2 Bxd4 34. Rxd4 Qf5 35. Rd2 Rf8 36. Ra1 Qxe5 37. Rxa6 Rf3 38. Bd4
Qxg5+ 39. Kh1 e3 0-1

[Event "4th Stage Russian Cup"]
[Site "Samara RUS"]
[Date "2002.07.29"]
[Round "4"]
[White "Ayupov,D"]
[Black "Nagimov,A"]
[Result "1-0"]
[WhiteElo "2312"]
[BlackElo "2154"]
[EventDate "2002.07.26"]

1. d4 d5 2. c4 c6 3. Nf3 Nf6 4. Nc3 e6 5. Bg5 Be7 6. e3 O-O 7. Qc2 Nbd7 8.
O-O-O a5 9. h4 Re8 10. Kb1 a4 11. e4 dxe4 12. Nxe4 Nf8 13. Bd3 Nxe4 14.
Bxe4 Bxg5 15. hxg5 g6 16. Qc1 Qc7 17. Ne5 c5 18. Ng4 Rd8 19. Nf6+ Kg7 20.
Qe3 e5 21. dxe5 Rxd1+ 22. Rxd1 Be6 23. Bd5 Bf5+ 24. Ka1 a3 25. b3 Ne6 26.
Bxe6 Bxe6 27. f4 Qa5 28. g4 b5 29. Qh3 Kf8 30. Nxh7+ Ke7 31. Qd3 Rd8 32.
Qxd8+ Qxd8 33. Rxd8 Kxd8 34. cxb5 Bxg4 35. Nf6 Bf5 36. Nd5 Bd3 37. b6 Kc8
38. Ne3 Kb7 39. Nc4 Ka6 40. Nxa3 Kxb6 41. Nc4+ Kc7 42. Nd6 1-0

[Event "4th Stage Russian Cup"]
[Site "Samara RUS"]
[Date "2002.07.29"]
[Round "4"]
[White "Kozlitin,O"]
[Black "Shutalev,M"]
[Result "1-0"]
[WhiteElo "2273"]
[BlackElo "2140"]
[EventDate "2002.07.26"]

1. e4 e6 2. Nc3 b6 3. g3 Bb7 4. Bg2 Bb4 5. Nge2 Nf6 6. O-O d5 7. e5 Nfd7 8.
d4 Nc6 9. Nf4 Bxc3 10. bxc3 Na5 11. Nh5 Rg8 12. h4 Qe7 13. Qg4 O-O-O 14. a4
Nc4 15. Re1 h6 16. Nf4 Rde8 17. h5 a5 18. Bf1 Ba6 19. Bd3 Rh8 20. Ba3 Qg5
21. Qf3 c5 22. Nxd5 Kb8 23. Bxc4 Bxc4 24. Nxb6 Nxb6 25. Qc6 Ka7 26. Bxc5
Rb8 27. Rab1 1-0

[Event "4th Stage Russian Cup"]
[Site "Samara RUS"]
[Date "2002.07.29"]
[Round "4"]
[White "Jamaletdinov,R"]
[Black "Askarov,M"]
[Result "1-0"]
[WhiteElo "2122"]
[BlackElo "2242"]
[EventDate "2002.07.26"]

1. d4 d5 2. c4 c6 3. Nc3 e6 4. Nf3 Nf6 5. Bg5 h6 6. Bh4 dxc4 7. e4 g5 8.
Bg3 b5 9. e5 Nd5 10. h4 Qa5 11. Rc1 Bb4 12. hxg5 Nxc3 13. bxc3 Bxc3+ 14.
Nd2 Bxd4 15. g6 c3 16. gxf7+ Kf8 17. Bf4 Bxe5 18. Bxe5 cxd2+ 19. Qxd2 Qxd2+
20. Kxd2 Rh7 21. Bxb5 Rxf7 22. f4 Ke7 23. Rxh6 Bd7 24. Bd3 Be8 25. Bc4 Bd7
26. Rh8 Be8 27. Bxe6 Rf8 28. Bd6+ Kxe6 29. Bxf8 Na6 30. Re1+ Kf7 31. Bd6
Rd8 32. Re7+ Kf6 33. Rf8+ Kg6 34. Re6+ 1-0

[Event "4th Stage Russian Cup"]
[Site "Samara RUS"]
[Date "2002.07.29"]
[Round "4"]
[White "Snatenkov,V"]
[Black "Kurganov,D"]
[Result "1/2-1/2"]
[WhiteElo "2225"]
[BlackElo "2106"]
[EventDate "2002.07.26"]

1. d4 Nf6 2. c4 g6 3. Nc3 Bg7 4. e4 d6 5. Be2 O-O 6. Bg5 c5 7. d5 h6 8. Bf4
Nbd7 9. Qd2 Kh7 10. h3 a6 11. Qc2 Qa5 12. Bd2 Qd8 13. Nf3 Ne8 14. a4 Rb8
15. O-O Nc7 16. a5 b5 17. axb6 Nxb6 18. Bd3 e5 19. Rfb1 f5 20. b4 cxb4 21.
Rxb4 Bd7 22. Qb2 Nca8 23. Rxa6 fxe4 24. Nxe4 Bxh3 25. Be3 Qc8 26. Raxb6
Nxb6 27. Rxb6 Rxb6 28. Qxb6 Bxg2 29. Kxg2 Qg4+ 30. Ng3 Qxf3+ 31. Kh2 Rf4
32. Qxd6 Rh4+ 33. Kg1 Rg4 34. Qb6 h5 35. Bf1 h4 36. Bg2 Qd1+ 37. Kh2 hxg3+
38. fxg3 Rxc4 39. d6 Rc2 40. Qd8 Qf3 41. Qh4+ Kg8 42. Qc4+ Rxc4 43. Bxf3 e4
44. Bg5 Be5 45. d7 Bc7 46. Bxe4 Rxe4 47. d8=Q+ Bxd8 48. Bxd8 Kh7 49. Kh3
Kh6 50. g4 g5 51. Kg3 Re3+ 52. Kf2 Rd3 53. Bb6 Kg6 54. Be3 Kf6 1/2-1/2

[Event "4th Stage Russian Cup"]
[Site "Samara RUS"]
[Date "2002.07.29"]
[Round "4"]
[White "Doluhanova,E"]
[Black "Chernozemov,A"]
[Result "1-0"]
[WhiteElo "2097"]
[BlackElo "2186"]
[EventDate "2002.07.26"]

1. e4 c5 2. Nf3 Nc6 3. Bb5 g6 4. Bxc6 bxc6 5. d3 Bg7 6. O-O d6 7. Re1 e5 8.
c3 f6 9. d4 cxd4 10. cxd4 Nh6 11. Qc2 Bd7 12. dxe5 fxe5 13. Bg5 Qc7 14. Nc3
Nf7 15. Nd5 Qb7 16. Nf6+ Kf8 17. Rad1 Be6 18. Rxd6 Nxd6 19. Qc5 Qc7 20. Rd1
Rd8 21. Nxe5 h6 22. Nxg6+ Kf7 23. Ne5+ Kf8 24. Bh4 h5 25. Nxc6 Bxa2 26.
Nxd8 Qxc5 27. Nd7+ Kg8 28. Nxc5 Nb5 29. Nde6 1-0

[Event "4th Stage Russian Cup"]
[Site "Samara RUS"]
[Date "2002.07.30"]
[Round "5"]
[White "Khismatullin,D"]
[Black "Kiselev,Ar"]
[Result "1/2-1/2"]
[WhiteElo "2428"]
[BlackElo "2195"]
[EventDate "2002.07.26"]

1. c4 c5 2. Nc3 Nf6 3. Nf3 d5 4. cxd5 Nxd5 5. g3 Nc6 6. Bg2 Nc7 7. a3 e5 8.
b4 f6 9. bxc5 Bxc5 10. O-O O-O 11. d3 Kh8 12. Be3 Ne6 13. Qb3 Na5 14. Qc2
Bd7 15. Bxc5 Nxc5 16. d4 exd4 17. Nxd4 Rc8 18. Qb2 Qe8 19. Nd5 b6 20. Rfe1
Ba4 21. Rac1 Qf7 22. Nf5 Rcd8 23. Nfe3 Rfe8 24. Qb4 Nab7 25. Nxb6 axb6 26.
Bxb7 Qxb7 27. Rxc5 Bc6 28. Rc3 Re4 29. Rd3 Rde8 30. Qd2 Qa8 31. Rc1 f5 32.
Qc3 Bb5 33. Nxf5 R4e5 34. Nd6 Rc5 35. Nxe8 Rxc3 36. Rdxc3 Bxe8 37. Rc8 Qe4
38. R1c3 Qb1+ 39. Rc1 Qe4 40. Rd1 h5 41. Rdd8 Qb1+ 42. Kg2 Qe4+ 43. f3
Qxe2+ 44. Kh3 Qf1+ 45. Kh4 Qxf3 46. Rxe8+ Kh7 47. Kh3 Qf1+ 48. Kh4 Qf6+
1/2-1/2

[Event "4th Stage Russian Cup"]
[Site "Samara RUS"]
[Date "2002.07.30"]
[Round "5"]
[White "Bryzgalin,K"]
[Black "Driamin,D"]
[Result "0-1"]
[WhiteElo "2446"]
[BlackElo "2323"]
[EventDate "2002.07.26"]

1. e4 c6 2. d4 d5 3. e5 Bf5 4. h4 h5 5. c4 e6 6. Nc3 Nd7 7. Bg5 f6 8. exf6
gxf6 9. Be3 Bd6 10. Be2 Bg6 11. Nh3 dxc4 12. Bxc4 Bf7 13. Qb3 Qb6 14. Bxe6
Qxb3 15. Bxb3 Bxb3 16. axb3 Ne7 17. Bf4 Bb4 18. O-O-O Nb6 19. Ne4 Kf7 20.
Bd6 Nbd5 21. Bxb4 Nxb4 22. Nd6+ Kg8 23. Nf4 b6 24. Rh3 Rh7 25. Rg3+ Kh8 26.
Re1 Rd8 27. Re6 Nbd5 28. Nxd5 Nxd5 29. Kd2 Rg7 30. Re8+ Rxe8 31. Rxg7 Kxg7
32. Nxe8+ Kf7 33. Nd6+ Ke6 34. Ne4 Ne7 35. Kd3 Ng6 36. g3 Ne7 37. Nc3 f5
38. Ke3 Kf6 39. Ne2 Nd5+ 40. Kf3 Kf7 41. Nf4 Nf6 42. Ke3 Ng4+ 43. Ke2 Nf6
44. f3 Ke7 45. Kd3 Kd6 46. Ne2 Nd5 47. Nc3 Ne7 48. Ke3 Ke6 49. d5+ cxd5 50.
Ne2 Ng6 51. Nf4+ Nxf4 52. Kxf4 d4 53. g4 fxg4 54. fxg4 d3 55. Ke3 hxg4 56.
Kxd3 Kf5 57. Ke3 Kg6 0-1

[Event "4th Stage Russian Cup"]
[Site "Samara RUS"]
[Date "2002.07.30"]
[Round "5"]
[White "Vaulin,A"]
[Black "Chuprov,D"]
[Result "0-1"]
[WhiteElo "2544"]
[BlackElo "2468"]
[EventDate "2002.07.26"]

1. c4 e5 2. g3 Nc6 3. Bg2 f5 4. Nc3 Nf6 5. e3 g6 6. Nge2 Bg7 7. d4 d6 8.
dxe5 dxe5 9. Bxc6+ bxc6 10. Qxd8+ Kxd8 11. b3 Ke7 12. Ba3+ Kf7 13. Rd1 Be6
14. O-O h5 15. h4 Ng4 16. Bc5 a5 17. Kg2 Bh6 18. e4 Nf6 19. exf5 Bxf5 20.
f4 exf4 21. Nxf4 Rhe8 22. Nce2 a4 23. b4 Bg4 24. Rde1 Rad8 25. Nd4 Rxe1 26.
Rxe1 Bf8 27. Nfe6 Bxe6 28. Nxe6 Rd2+ 29. Kf3 Bxc5 30. Ng5+ Kf8 31. bxc5
Rxa2 32. Re6 Ng4 33. Re1 Rf2+ 34. Ke4 a3 35. Ne6+ Kf7 36. Nd4 a2 37. Ra1
Rb2 38. Nxc6 Nf2+ 39. Kd4 Ke6 40. Na7 Kd7 41. c6+ Kd6 42. c5+ Ke6 43. Nc8
Rb4+ 44. Kc3 Ra4 45. Kc2 Ne4 46. Kb3 Ra8 47. Nb6 cxb6 48. cxb6 Rb8 49. b7
Kd6 50. Rxa2 Kxc6 51. Ra6+ Kd5 52. Rxg6 Rxb7+ 0-1

[Event "4th Stage Russian Cup"]
[Site "Samara RUS"]
[Date "2002.07.30"]
[Round "5"]
[White "Gazizov,R"]
[Black "Iljin,A"]
[Result "0-1"]
[WhiteElo "2358"]
[BlackElo "2450"]
[EventDate "2002.07.26"]

1. Nf3 Nf6 2. c4 e6 3. g3 b6 4. Bg2 Bb7 5. O-O Be7 6. Nc3 O-O 7. Re1 c5 8.
e4 d6 9. d4 cxd4 10. Nxd4 Qc7 11. b3 a6 12. Bb2 Nbd7 13. Rc1 Rac8 14. h3
Rfe8 15. Kh2 h5 16. Kg1 Bf8 17. Re2 Qb8 18. Qe1 Ne5 19. Rd1 Qc7 20. Nf3 Ng6
21. h4 Ng4 22. Rdd2 Be7 23. Qd1 b5 24. cxb5 Qa5 25. Rc2 axb5 26. Nd4 b4 27.
Na4 Nf6 28. Qe1 d5 29. e5 Ne4 30. f3 Nc5 31. Nxc5 Bxc5 32. a4 Qa7 33. Red2
f6 34. f4 fxe5 35. fxe5 Qb8 36. Rxc5 Rxc5 37. Re2 Ba6 38. Re3 Qb6 39. Kh2
Rec8 40. Qd1 Rc3 41. Bxc3 bxc3 42. Re1 Ne7 43. Bh3 Nf5 44. Nxf5 Qf2+ 45.
Bg2 Qxf5 46. Qd4 c2 47. Rc1 Qd3 48. Qb6 Rc3 49. Qxe6+ Kh7 50. Qxd5 Qxg3+
51. Kh1 Qxh4+ 52. Kg1 Re3 53. Qd2 Re2 54. Qc3 Qf2+ 0-1

[Event "4th Stage Russian Cup"]
[Site "Samara RUS"]
[Date "2002.07.30"]
[Round "5"]
[White "Shutalev,M"]
[Black "Kochetkov,Vic"]
[Result "1-0"]
[WhiteElo "2140"]
[BlackElo "2161"]
[EventDate "2002.07.26"]

1. Nf3 f5 2. b3 d6 3. d4 e6 4. e3 Nf6 5. Bd3 Be7 6. Nbd2 Nc6 7. Ba3 O-O 8.
O-O Qe8 9. e4 f4 10. e5 Nd5 11. c3 Qh5 12. Qc2 Bd7 13. Rae1 Rad8 14. Be4 g5
15. h3 Kh8 16. exd6 cxd6 17. Nh2 f3 18. Bxf3 Rxf3 19. Ndxf3 Nf4 20. Ng4 e5
21. Nfh2 e4 22. d5 Nxd5 23. Qxe4 Nf6 24. Nxf6 Bxf6 25. Qf3 Qg6 26. Bxd6 1-0

[Event "4th Stage Russian Cup"]
[Site "Samara RUS"]
[Date "2002.07.30"]
[Round "5"]
[White "Nagimov,A"]
[Black "Luchkin,A"]
[Result "1-0"]
[WhiteElo "2154"]
[BlackElo "2191"]
[EventDate "2002.07.26"]

1. d4 d5 2. Nf3 Nf6 3. c4 c6 4. e3 Bf5 5. Nc3 e6 6. Nh4 Bg6 7. Qb3 Qb6 8.
Qxb6 axb6 9. Nxg6 hxg6 10. Bd3 Bd6 11. h3 Na6 12. b3 g5 13. Bb2 g4 14.
O-O-O gxh3 15. gxh3 O-O-O 16. e4 dxe4 17. Nxe4 Bf4+ 18. Kb1 Nxe4 19. Bxe4
Kc7 20. Bg2 f6 21. Rhe1 Rhe8 22. a3 c5 23. Kc2 e5 24. dxe5 Rxd1 25. Kxd1
Bxe5 26. Kc2 Rf8 27. Bd5 Nb8 28. f4 Bxb2 29. Kxb2 Rd8 30. Re7+ Rd7 31.
Rxd7+ Nxd7 32. h4 b5 33. cxb5 b6 34. Kc3 Kd6 35. Be4 Nf8 36. Bf5 g6 37. Bd3
Kd5 38. b4 cxb4+ 39. Kxb4 Kd4 40. Bc2 f5 41. h5 gxh5 42. Bxf5 Ke3 43. a4
Kxf4 44. Bc8 Ng6 45. a5 bxa5+ 46. Kc5 Ne5 47. b6 Nd3+ 48. Kb5 Nb4 49. b7
1-0

[Event "4th Stage Russian Cup"]
[Site "Samara RUS"]
[Date "2002.07.30"]
[Round "5"]
[White "Askarov,M"]
[Black "Petrov,Il"]
[Result "1-0"]
[WhiteElo "2242"]
[BlackElo "2161"]
[EventDate "2002.07.26"]

1. d4 d5 2. Nf3 Nf6 3. c4 e6 4. g3 Be7 5. Bg2 O-O 6. O-O c6 7. b3 Nbd7 8.
Bb2 Re8 9. Nc3 b6 10. Qc2 Bb7 11. Rad1 Rc8 12. Rfe1 Qc7 13. e4 dxe4 14. Ng5
h6 15. Ngxe4 Nxe4 16. Nxe4 Nf6 17. a3 Nxe4 18. Qxe4 Bf6 19. b4 Ba8 20. Qc2
Red8 21. c5 Rd7 22. Qe4 Rcd8 23. Bf1 g6 24. Bc4 Kh7 25. Rd3 Bg7 26. h4 b5
27. Bb3 e5 28. h5 f5 29. hxg6+ Kxg6 30. Qf3 Re7 31. g4 Rf8 32. dxe5 Kh7 33.
Rd6 fxg4 34. Qe4+ Kh8 35. Bc2 Bf6 36. exf6 Ref7 37. Qh7+ Rxh7 38. f7+ 1-0

[Event "4th Stage Russian Cup"]
[Site "Samara RUS"]
[Date "2002.07.30"]
[Round "5"]
[White "Kurganov,D"]
[Black "Shkliar,S"]
[Result "1-0"]
[WhiteElo "2106"]
[BlackElo "2211"]
[EventDate "2002.07.26"]

1. c4 c6 2. Nf3 d5 3. b3 Nf6 4. Bb2 Bg4 5. d4 e6 6. Ne5 Bf5 7. Nd2 Nbd7 8.
Nxd7 Qxd7 9. e3 Bd6 10. c5 Bc7 11. b4 O-O 12. Be2 Rfe8 13. Nf3 Qe7 14. Ne5
Nd7 15. g4 Bg6 16. Nxg6 hxg6 17. f4 Qh4+ 18. Kd2 g5 19. Qf1 gxf4 20. exf4
Qf6 21. f5 exf5 22. gxf5 b6 23. Kc2 bxc5 24. bxc5 Bf4 25. Rd1 Rab8 26. Bc3
Qh6 27. Rd3 Be3 28. Qg2 Nf6 29. Rhd1 Ne4 30. Be1 Rb7 31. Bg3 Nd2 32. f6 Qg6
33. Bh5 Nc4 34. Bxg6 Rb2+ 35. Kc3 Rxg2 36. Bf5 Nb2 37. Bd7 Nxd1+ 38. Rxd1
Rd8 39. Bxc6 Rxa2 40. Bd6 Rf2 41. Be7 Rb8 42. Bxd5 a5 43. Bb3 Rf3 44. Rd3
Bxd4+ 45. Kxd4 Rxd3+ 46. Kxd3 Rxb3+ 47. Kc4 Rb1 48. c6 Rc1+ 49. Kb5 a4 50.
Bc5 Rb1+ 51. Kxa4 Rb8 52. c7 Rc8 53. Bd6 gxf6 54. Kb5 Kg7 55. Kc6 f5 56.
Kd7 Rh8 57. c8=Q Rxc8 58. Kxc8 Kg6 59. Kd7 Kg5 60. Kc6 f4 61. Kd5 Kg4 62.
Ke4 f5+ 63. Kd3 f3 64. Ke3 f4+ 65. Kf2 1-0

[Event "4th Stage Russian Cup"]
[Site "Samara RUS"]
[Date "2002.07.30"]
[Round "5"]
[White "Sidorova,E"]
[Black "Poletaev,Vi"]
[Result "0-1"]
[WhiteElo "2132"]
[BlackElo "2247"]
[EventDate "2002.07.26"]

1. d4 Nf6 2. c4 e6 3. Nf3 Bb4+ 4. Bd2 a5 5. g3 Ne4 6. Bg2 f5 7. O-O O-O 8.
Be3 Be7 9. d5 d6 10. dxe6 Bxe6 11. Qc2 Nc6 12. Nd4 Qd7 13. Nxf5 Bxf5 14.
Bxe4 Bxe4 15. Qxe4 Bf6 16. Qc2 Nb4 17. Qd2 Qg4 18. Na3 Rae8 19. Rab1 Re5
20. b3 Rfe8 21. Kg2 Rh5 22. f4 Qe6 23. Bf2 Qh3+ 24. Kf3 Rh6 25. Nb5 Qh5+
26. g4 Qxh2 27. Bg3 Rh3 28. Rg1 Bh4 29. Qe1 Nc2 30. Qf2 Rxg3+ 31. Rxg3 Re3+
0-1

[Event "4th Stage Russian Cup"]
[Site "Samara RUS"]
[Date "2002.07.30"]
[Round "5"]
[White "Aleksandrov,V"]
[Black "Khakimov,T"]
[Result "1-0"]
[WhiteElo "2261"]
[BlackElo "2132"]
[EventDate "2002.07.26"]

1. d4 d5 2. c4 e6 3. Nc3 c5 4. cxd5 exd5 5. Nf3 Nc6 6. g3 Nf6 7. Bg2 Be7 8.
O-O O-O 9. Bg5 c4 10. Ne5 Be6 11. e3 Qa5 12. a3 h6 13. Bxf6 Bxf6 14. f4
Rfd8 15. Qh5 Bxe5 16. fxe5 b5 17. e4 dxe4 18. d5 g6 19. Qxh6 Bxd5 20. Nxd5
Rxd5 21. e6 Rf8 22. exf7+ Rxf7 23. Qxg6+ Rg7 24. Qe8+ Kh7 25. Bxe4+ 1-0

[Event "4th Stage Russian Cup"]
[Site "Samara RUS"]
[Date "2002.07.30"]
[Round "5"]
[White "Alagulian,K"]
[Black "Razuvajeva,J"]
[Result "1-0"]
[WhiteElo "2263"]
[BlackElo "2182"]
[EventDate "2002.07.26"]

1. e4 c5 2. Nf3 d6 3. d4 cxd4 4. Nxd4 Nf6 5. Nc3 a6 6. Bg5 e6 7. f4 Qb6 8.
Nb3 Nbd7 9. Qf3 Qc7 10. O-O-O Rb8 11. Bd3 b5 12. Rhe1 Bb7 13. Nd4 Be7 14.
Qh3 Nc5 15. a3 Rc8 16. Bxf6 Nxd3+ 17. Qxd3 gxf6 18. Re2 Qc4 19. Qe3 b4 20.
axb4 Qxb4 21. f5 e5 22. Nf3 a5 23. Nd5 Bxd5 24. Rxd5 a4 25. Nd2 Rb8 26. Qa3
Qxa3 27. bxa3 Kd7 28. Re3 Rhg8 29. g3 h5 30. Red3 Rgc8 31. Ra5 Ra8 32. Rxa8
Rxa8 33. Nc4 Ra6 34. Ne3 Bd8 35. Nd5 Rc6 36. g4 h4 37. h3 Rc4 38. Re3 Kc6
39. c3 Rc5 40. Kc2 Rb5 41. c4 Rb8 42. Re1 Ba5 43. Rb1 Ra8 44. Nxf6 1-0

[Event "4th Stage Russian Cup"]
[Site "Samara RUS"]
[Date "2002.07.30"]
[Round "5"]
[White "Kalinin,Michail"]
[Black "Doluhanova,E"]
[Result "1-0"]
[WhiteElo "2303"]
[BlackElo "2097"]
[EventDate "2002.07.26"]

1. d4 Nf6 2. Nf3 e6 3. e3 b6 4. Bd3 Bb7 5. Nbd2 c5 6. O-O Be7 7. b3 Nc6 8.
Bb2 Rc8 9. a3 O-O 10. Qb1 cxd4 11. exd4 d6 12. Re1 h6 13. Qd1 Re8 14. Rc1
Nb8 15. c4 Nbd7 16. b4 Bf8 17. Bb1 Qc7 18. h3 Ba8 19. Re3 Qb7 20. Qf1 g6
21. Rce1 Bg7 22. Ba2 Nf8 23. R1e2 Nh5 24. Qa1 Qe7 25. Re1 Nh7 26. Ne4 Nf4
27. d5 Bxb2 28. Qxb2 f5 29. Ned2 e5 30. c5 e4 31. cxd6 Qxd6 32. Nc4 Rxc4
33. Bxc4 Nxg2 34. Kxg2 exf3+ 35. Kg1 Rxe3 36. Rxe3 Ng5 37. Re8+ 1-0

[Event "4th Stage Russian Cup"]
[Site "Samara RUS"]
[Date "2002.07.30"]
[Round "5"]
[White "Krassilnikov,E"]
[Black "Zhumabaev,R"]
[Result "1-0"]
[WhiteElo "2314"]
[BlackElo "2234"]
[EventDate "2002.07.26"]

1. e4 c5 2. c3 d5 3. exd5 Qxd5 4. d4 cxd4 5. cxd4 Nc6 6. Nf3 e5 7. Nc3 Bb4
8. Be2 Nxd4 9. Bd2 Qd8 10. Nxd4 Qxd4 11. O-O Ne7 12. Nb5 Qxd2 13. Nc7+ Kf8
14. Nxa8 Nc6 15. a3 Qxd1 16. Rfxd1 Bc5 17. Rac1 Bd4 18. Nc7 Ke7 19. Nd5+
Kd6 20. Nc3 Ke7 21. b4 Be6 22. Nb5 Rd8 23. Bf3 Bd5 24. Bxd5 Rxd5 25. Nxd4
Nxd4 26. Kf1 Rd7 27. Rc4 f6 28. a4 Ke6 29. Ke1 Ke7 30. f4 Nc6 31. Rxd7+
Kxd7 32. Ke2 exf4 33. Rxf4 Ne5 34. Ke3 Ke6 1-0